Logo Biblioteca

Noches de pesadilla : (Registro nro. 373)

Detalles MARC
000 -LEADER
fixed length control field 00925nam a22002057a 4500
003 - CONTROL NUMBER IDENTIFIER
control field OSt
005 - DATE AND TIME OF LATEST TRANSACTION
control field 20241107105212.0
008 - FIXED-LENGTH DATA ELEMENTS--GENERAL INFORMATION
fixed length control field 241106s2005 ag ||||| |||| 00| 0 spa d
020 ## - INTERNATIONAL STANDARD BOOK NUMBER
International Standard Book Number 9870400949
040 ## - CATALOGING SOURCE
Transcribing agency besoc
245 00 - TITLE STATEMENT
Title Noches de pesadilla :
Remainder of title antología de cuentos de terror /
Statement of responsibility, etc. Ambrose Bierce ... [et al.]
260 ## - PUBLICATION, DISTRIBUTION, ETC.
Place of publication, distribution, etc. Buenos Aires :
Name of publisher, distributor, etc. Alfaguara,
Date of publication, distribution, etc. 2005
300 ## - PHYSICAL DESCRIPTION
Extent 142 p.
505 1# - FORMATTED CONTENTS NOTE
Title El hombre y la serpiente /
Statement of responsibility Ambrose Bierce --
Title Napoleón y el espectro /
Statement of responsibility Charlotte Brontë --
Title La pata de mono /
Statement of responsibility William Wymark Jacobs --
Title Relato de los extraños sucesos de la calle Aungier /
Statement of responsibility Joseph Sheridan Le Fanu --
Title El invitado de Drácula /
Statement of responsibility Bram Stoker.-
650 #4 - SUBJECT ADDED ENTRY--TOPICAL TERM
Topical term or geographic name entry element Literatura
Form subdivision Cuentos
General subdivision Lengua inglesa
Chronological subdivision Siglo XIX
-- Siglo XX
700 1# - ADDED ENTRY--PERSONAL NAME
Personal name Bierce, Ambrose,
Dates associated with a name 1842-1914?
Relator term autor,
700 1# - ADDED ENTRY--PERSONAL NAME
Personal name Brontë, Charlotte,
Dates associated with a name 1816-1855,
Relator term Autor
700 1# - ADDED ENTRY--PERSONAL NAME
Personal name Jacobs, William Wymark,
Dates associated with a name 1863-1943,
Relator term Autor
942 ## - ADDED ENTRY ELEMENTS (KOHA)
Source of classification or shelving scheme Universal Decimal Classification
Koha item type Obra General
Suppress in OPAC No
Existencias
Withdrawn status Lost status Source of classification or shelving scheme Damaged status Not for loan Collection Home library Current library Date acquired Total checkouts Full call number Barcode Date last seen Price effective from Koha item type
    Universal Decimal Classification     Colección General Biblioteca Escuela de Ciencias Sociales Biblioteca Escuela de Ciencias Sociales 06/11/2024   82-34(41) N757 000440 06/11/2024 06/11/2024 Obra General
Biblioteca de la Escuela Preuniversitaria en Ciencias Sociales y Humanísticas.
Riobamba 250 bis.
CP 2000 - Rosario - Santa Fe
E-Mail: biblioteca@esociales.unr.edu.ar